000 00640nam a2200229Ia 4500
003 OSt
005 20221007080023.0
006 a|||||r|||| 00| 0
007 ta
008 221006b |||||||| |||| 00| 0 eng d
024 _a44,374
037 _cTextual
040 _aFLL
_cFLL
_beng
041 _2eng
_aeng
082 _aZ2,2674, Q5
100 _aSINGH Rajnish kumar
_9540434
245 0 _aNeighbouring Right under the Copyright Law
260 _aNew Delhi
_bSatyam Law International India
_c2015
300 _axix,468p.
_ccm.
942 _hZ2,2674, Q5
_cTEXL
_2CC
999 _c1158141
_d1158141